书目信息 |
| 题名: |
审美人类学的西方理论视野
|
|
| 作者: | 莫其逊 主编 | |
| 分册: | ||
| 出版信息: | 北京 人民日报出版社 2014 |
|
| 页数: | 248页 | |
| 开本: | 24cm | |
| 丛书名: | 审美人类学丛书 | |
| 单 册: | ||
| 中图分类: | B83-05 , C912.4 | |
| 科图分类: | ||
| 主题词: | 美学--文化人类学--西方国家--研究 | |
| 电子资源: | ||
| ISBN: | 978-7-5115-2229-0 | |
| 000 | 01050nam0 2200277 450 | |
| 001 | 339639 | |
| 005 | 20150608160954.09 | |
| 010 | @a978-7-5115-2229-0@dCNY48.00 | |
| 100 | @a20140610d2014 em y0chiy50 ea | |
| 101 | 0 | @achi |
| 102 | @aCN@b110000 | |
| 105 | @ay z 000yy | |
| 106 | @ar | |
| 200 | 1 | @a审美人类学的西方理论视野@Ashen mei ren lei xue de xi fang li lun shi ye@f莫其逊主编 |
| 210 | @a北京@c人民日报出版社@d2014 | |
| 215 | @a248页@d24cm | |
| 225 | 1 | @a审美人类学丛书@h第二辑@f张利群,覃德清 |
| 300 | @a人民日报学术文库 | |
| 330 | @a本书关注西方审美人类学研究领域的思想成果, 书中所择选的康德实用人类学思想、佛洛依德美学思想、加斯东·巴斯拉梦想理论等, 虽只是西方审美人类学研究领域的一个缩影, 但可从中一窥西方审美人类学研究的理论风貌, 以吸取对中国当下审美人类学研究有益的思想营养。 | |
| 410 | 0 | @12001 @a审美人类学丛书 |
| 606 | 0 | @a美学@x文化人类学@x西方国家@x研究 |
| 690 | @aB83-05@v5 | |
| 690 | @aC912.4@v5 | |
| 701 | 0 | @a莫其逊@Amo qi xun@f(1964)@4主编 |
| 801 | 0 | @aCN@b卓展宏图@c20150525 |
| 905 | @dB83-05@e292@f4 | |
| 审美人类学的西方理论视野/莫其逊主编.-北京:人民日报出版社,2014 |
| 248页;24cm.-(审美人类学丛书.第二辑/张利群,覃德清) |
| 人民日报学术文库 |
| ISBN 978-7-5115-2229-0:CNY48.00 |
| 本书关注西方审美人类学研究领域的思想成果, 书中所择选的康德实用人类学思想、佛洛依德美学思想、加斯东·巴斯拉梦想理论等, 虽只是西方审美人类学研究领域的一个缩影, 但可从中一窥西方审美人类学研究的理论风貌, 以吸取对中国当下审美人类学研究有益的思想营养。 |
| ● |
| 相关链接 |
|
|
|
|
正题名:审美人类学的西方理论视野
索取号:B83-05/292
 
预约/预借
| 序号 | 登录号 | 条形码 | 馆藏地/架位号 | 状态 | 备注 |
| 1 | 863460 | 208634600 | 第一样本阅览室/ [索取号:B83-05/292] | 在馆 | |
| 2 | 863461 | 208634619 | 第一借阅区/ [索取号:B83-05/292] | 在馆 | |
| 3 | 863462 | 208634628 | 第一借阅区/ [索取号:B83-05/292] | 在馆 | |
| 4 | 863463 | 208634637 | 教育系资料室/ [索取号:B83-05/292] | 在馆 |